Gem stones / (Record no. 98783)
[ view plain ]
| 000 -LEADER | |
|---|---|
| fixed length control field | 00738cam0a220027700 4500 |
| 001 - CONTROL NUMBER | |
| control field | tmp15758565 |
| 003 - CONTROL NUMBER IDENTIFIER | |
| control field | UPRA |
| 005 - DATE AND TIME OF LATEST TRANSACTION | |
| control field | 20190819094111.0 |
| 008 - FIXED-LENGTH DATA ELEMENTS--GENERAL INFORMATION | |
| fixed length control field | 951021s1990 xx eng u |
| 020 ## - INTERNATIONAL STANDARD BOOK NUMBER | |
| International Standard Book Number | 4586540060 |
| 035 ## - SYSTEM CONTROL NUMBER | |
| System control number | (Sirsi) tmp15758565 |
| 035 ## - SYSTEM CONTROL NUMBER | |
| System control number | (UPRA)tmp15758565 |
| 040 ## - CATALOGING SOURCE | |
| Transcribing agency | UPRA |
| 050 #0 - LIBRARY OF CONGRESS CALL NUMBER | |
| Classification number | NK5550 SAK 1990 |
| 100 1# - MAIN ENTRY--PERSONAL NAME | |
| Personal name | Sakikawa, Noriyuki, 1909- |
| 245 10 - TITLE STATEMENT | |
| Title | Gem stones / |
| Statement of responsibility, etc. | by Noriyuki Sakikawa,translated by Eichi Kobayashi, edited by Don Kenny. |
| 250 ## - EDITION STATEMENT | |
| Edition statement | 20th ed. |
| 260 ## - PUBLICATION, DISTRIBUTION, ETC. | |
| Place of publication, distribution, etc. | Osaka, Japan : |
| Name of publisher, distributor, etc. | Hoikusha, |
| Date of publication, distribution, etc. | 1990. |
| 350 ## - PRICE (NR) (BK AM CF MU VM SE) [OBSOLETE] | |
| Price | 25 |
| 504 ## - BIBLIOGRAPHY, ETC. NOTE | |
| Bibliography, etc. note | Includes index |
| 650 #0 - SUBJECT ADDED ENTRY--TOPICAL TERM | |
| Topical term or geographic name entry element | Gems |
| 650 #0 - SUBJECT ADDED ENTRY--TOPICAL TERM | |
| Topical term or geographic name entry element | Decoration and ornament |
| 700 00 - ADDED ENTRY--PERSONAL NAME | |
| Personal name | Kobayashi, Eichi |
| 700 00 - ADDED ENTRY--PERSONAL NAME | |
| Personal name | Kenny, Don |
No items available.